000 00485nam a2200157Ia 4500
008 240729s9999 xx 000 0 und d
022 _a2348-7682
245 0 _aPANACEA JOURNAL OF MEDICAL SCIENCES
260 _aIndia
260 _bNKP Salve Institute of Medical Sciences & Research Center and Lata Mangeshkar Hospital
650 _a Medicine (General)
650 _aMedicine
856 _uhttps://doaj.org/toc/899d38e9a7dd4caaa2ced5006e4e7479
942 _2ddc
942 _cDOAJEJ
999 _c69964
_d69964
945 _a1
_bMadushi Gamage
_c1
_dMadushi Gamage